000 00884 a2200205 4500
003 Nust
005 20170207171642.0
020 _a9780070527997
035 _a(WaSeSS)ssib020868142
035 _a(WaSeSS)ssib020868142
040 _cNust
082 _a621.38456
100 1 _a Kasera ,Sumit
245 1 0 _a"3G Networks: Architecture, Protocols & Procedures"
_h[Elektronisk resurs]
_cSumit Kasera & Nishit Narang
260 _c2004
_aMc Graw Hill education
_bNew Delhi
300 _axxviii,570.p
505 _aPart-I Introduction and background (page-3) Part-II UMTS network architecture and protocols (page-45) Part-III Procedures in UMTS network (page-233) Part-IV IP initiatives in UMTS network (page-473)
655 4 _aElectronic books
856 4 0 _uhttp://proxy.lib.chalmers.se/login?url=http://accessengineeringlibrary.com/browse/3g-networks-architecture-protocols-and-procedures
942 _2ddc
_cBK
999 _c218191
_d218191